Quái vật giữa loài người
Quái vật giữa loài người là một tác phẩm tiêu biểu của Peggy Woodford về cuộc đấu tranh chống hạt nhân của những người dân làng Stagwell nước Anh. Những người dân làng Stagwell nhỏ bé và thanh bình đang phải rất vất vả chống lại sự ảnh h...
Αποθηκεύτηκε σε:
| Κύριος συγγραφέας: | |
|---|---|
| Μορφή: | Βιβλίο |
| Γλώσσα: | Undetermined |
| Έκδοση: |
Hà Nội
Công an nhân dân
2004
|
| Θέματα: | |
| Ετικέτες: |
Προσθήκη ετικέτας
Δεν υπάρχουν, Καταχωρήστε ετικέτα πρώτοι!
|
| Thư viện lưu trữ: | Trung tâm Học liệu Trường Đại học Cần Thơ |
|---|
| LEADER | 01183nam a2200217Ia 4500 | ||
|---|---|---|---|
| 001 | CTU_91685 | ||
| 008 | 210402s9999 xx 000 0 und d | ||
| 020 | |c 26000 | ||
| 082 | |a 820.301 | ||
| 082 | |b W887 | ||
| 100 | |a Woodford, Peggy | ||
| 245 | 0 | |a Quái vật giữa loài người | |
| 245 | 0 | |c Peggy Woodford; Phạm Thùy Hương | |
| 260 | |a Hà Nội | ||
| 260 | |b Công an nhân dân | ||
| 260 | |c 2004 | ||
| 520 | |a Quái vật giữa loài người là một tác phẩm tiêu biểu của Peggy Woodford về cuộc đấu tranh chống hạt nhân của những người dân làng Stagwell nước Anh. Những người dân làng Stagwell nhỏ bé và thanh bình đang phải rất vất vả chống lại sự ảnh hưởng của những chất thải phóng xạ đang tràn ngập trong môi trường sống trong lành của họ. Và họ đã làm những gì để chống lại nguy cơ tiềm ẩn đó?... | ||
| 650 | |a English literature | ||
| 650 | |x Stories | ||
| 904 | |i Năm | ||
| 980 | |a Trung tâm Học liệu Trường Đại học Cần Thơ | ||